| 000 | 01492cam a2200361 a 4500 | ||
|---|---|---|---|
| 001 | 13559958 | ||
| 003 | EG-ScBUE | ||
| 005 | 20220203123913.0 | ||
| 008 | 040415s2005 enk f bd 001 0deng d | ||
| 020 | _a0415217091 | ||
| 020 | _a9780415217095 | ||
| 040 |
_aDLC _beng _erda _cDLC _dOCLCQ _dBWK _dOCL _dBAKER _dNLGGC _dUKM _dDLC _dEG-ScBUE |
||
| 082 | 0 | 4 |
_a823.9209 _222 _bREN |
| 100 | 1 |
_aRennison, Nick, _d1955- _eauthor. _930384 |
|
| 245 | 1 | 0 |
_aContemporary British Novelists / _cNick Rennison. |
| 264 | 1 |
_aLondon ; _aNew York : _bRoutledge, _c2005. |
|
| 300 |
_axv, 195 pages ; _c22 cm |
||
| 336 |
_2rdacontent _atext _btxt |
||
| 337 |
_2rdamedia _aunmediated _bn |
||
| 338 |
_2rdacarrier _avolume _bnc |
||
| 504 | _aIncludes bibliographical references and index. | ||
| 650 | 7 |
_aEnglish fiction _y21st century _vBio-bibliography _vDictionaries. _2BUEsh _930386 |
|
| 650 | 7 |
_aEnglish fiction _y20th century _vBio-bibliography _vDictionaries. _930387 _2BUEsh |
|
| 650 | 7 |
_aNovelists, English _y21st century _vBiography _vDictionaries. _930388 _2BUEsh |
|
| 650 | 7 |
_aNovelists, English _y20th century _vBiography _vDictionaries. _930389 _2BUEsh |
|
| 650 | 7 |
_aEnglish fiction _y21st century _vDictionaries. _930390 _2BUEsh |
|
| 650 | 7 |
_aEnglish fiction _y20th century _vDictionaries. _930391 _2BUEsh |
|
| 651 | _2BUEsh | ||
| 653 |
_cJuly2012 _bHHUUEENN |
||
| 655 |
_vReading book _934232 |
||
| 942 |
_2ddc _cBB |
||
| 999 |
_c16825 _d16825 |
||